|
|
|
|
| LEADER |
00000nam a2200000Ii 4500 |
| 001 |
DIGTRINITA0002 |
| 003 |
NyNyDIG |
| 006 |
m o d |
| 007 |
cr ||||||||||| |
| 008 |
130901s2007 dr o 000 f spa d |
| 020 |
|
|
|z 9789993439462
|
| 020 |
|
|
|z 9993439460
|
| 035 |
|
|
|a (OCoLC)608591638
|
| 040 |
|
|
|a DGITA
|b eng
|e pn
|c DGITA
|
| 050 |
1 |
4 |
|a PQ7409.2.M555 eBook
|
| 100 |
1 |
|
|a Minaya, Ligia.
|
| 245 |
1 |
0 |
|a Mi corazón tiembla en la sombra :
|b novela /
|c Ligia Minaya.
|
| 264 |
|
1 |
|a Santo Domingo, República Dominicana :
|b Ediciones Librería la Trinitaria,
|c 2007.
|
| 300 |
|
|
|a 1 online resource (114 pages).
|
| 336 |
|
|
|a text
|b txt
|2 rdacontent
|
| 337 |
|
|
|a computer
|b c
|2 rdamedia
|
| 338 |
|
|
|a online resource
|b cr
|2 rdacarrier
|
| 655 |
|
0 |
|a Electronic books.
|
| 791 |
2 |
|
|a Digitalia (Firm),
|e distributor.
|
| 793 |
0 |
|
|g Digitalia eBook Collection:
|a Librería la Trinitaria.
|
| 856 |
4 |
0 |
|3 Digitalia Hispánica
|u https://www.digitaliapublishing.com/a/6252/
|
| 910 |
|
|
|a Premium Collection: 2007-2012
|